| 000 | 00913nam a2200301Ia 4500 | ||
|---|---|---|---|
| 003 | OSt | ||
| 005 | 20220925181929.0 | ||
| 006 | a|||||r|||| 00| 0 | ||
| 007 | ta | ||
| 008 | 220923b |||||||| |||| 00| 0 eng d | ||
| 020 | _a0226886239 | ||
| 037 | _cGeneral Book | ||
| 040 |
_aRTL _cRTL _beng |
||
| 041 |
_2eng _aeng |
||
| 082 | _aW:56, N7 | ||
| 100 | _aKrishan Kumar | ||
| 245 | 0 |
_aPublic and private in thought and practice _b Perspective on a grand dichotomy |
|
| 260 |
_aChicago _bUniversity of Chicago Press _c1997 |
||
| 300 |
_axi, 380p _ccm. |
||
| 490 | _aMorality and Society | ||
| 500 | _aBibliography chapterwise | ||
| 650 | _a Fundamental Rights | ||
| 650 | _a Political Science | ||
| 650 |
_aPrivate Correspondence _9255141 |
||
| 700 |
_a Weintraub Jeff Ed _9255142 |
||
| 942 |
_hW:56, N7 _cGB _2CC |
||
| 999 |
_c500774 _d500774 |
||